Peanuts / (Record no. 47781)
| 000 -LEADER | |
|---|---|
| fixed length control field | 00333nam a2200121 4500 |
| 020 ## - INTERNATIONAL STANDARD BOOK NUMBER | |
| International Standard Book Number | 9781782761556 |
| 100 ## - MAIN ENTRY--PERSONAL NAME | |
| Personal name | Schulz, Charles M. |
| 9 (RLIN) | 40595 |
| 245 ## - TITLE STATEMENT | |
| Title | Peanuts / |
| Statement of responsibility, etc | Charles M. Schulz |
| 260 ## - PUBLICATION, DISTRIBUTION, ETC. (IMPRINT) | |
| Place of publication, distribution, etc | London |
| Name of publisher, distributor, etc | Titan Comics |
| Date of publication, distribution, etc | 2015 |
| 300 ## - PHYSICAL DESCRIPTION | |
| Extent | unpaged. |
| Other physical details | ill. |
| Dimensions | 20 cm. |
| 650 ## - SUBJECT ADDED ENTRY--TOPICAL TERM | |
| Topical term or geographic name as entry element | Graphics |
| Form subdivision | Juvenile Fiction |
| 9 (RLIN) | 85610 |
| 942 ## - ADDED ENTRY ELEMENTS (KOHA) | |
| Source of classification or shelving scheme | |
| Koha item type | Books/GRAPHICS |
| Withdrawn status | Lost status | Source of classification or shelving scheme | Damaged status | Not for loan | Home library | Current library | Shelving location | Date acquired | Total Checkouts | Full call number | Barcode | Checked out | Date last seen | Date checked out | Price effective from | Koha item type |
|---|---|---|---|---|---|---|---|---|---|---|---|---|---|---|---|---|
| Asian Hope Primary Library | Asian Hope Primary Library | Junior Fiction | 11/05/2024 | 28 | J GRAPHIX SCH | 207134 | 05/07/2026 | 04/30/2026 | 04/30/2026 | 11/05/2024 | Books/GRAPHICS |